|
|
|
|
| LEADER |
00000nab a2200000uu 4500 |
| 001 |
vtls011451235 |
| 003 |
SK-MaSNL |
| 005 |
20260303153856.0 |
| 008 |
230222|2006 xo |||||||||||||||||eng| |
| 015 |
|
|
|a SNBRB
|
| 035 |
|
|
|a (urnnbn)urn:nbn:sk:snk:ar-006l37
|
| 035 |
|
|
|a (uuid)62d7b112-ced5-4af6-b60f-8379c2e56aa0
|
| 035 |
|
|
|a urn:nbn:sk:snk-abcn8q
|
| 040 |
|
|
|a SNKBUCL
|b slo
|c SNKBUCL
|e AACR2
|
| 041 |
0 |
|
|a eng
|
| 044 |
|
|
|a xo
|c SK
|
| 100 |
1 |
|
|a Chajda, Ivan
|4 aut
|9 957689
|
| 245 |
1 |
0 |
|a A NOTE ON INTERVAL MV-ALGEBRAS
|c Ivan Chajda, Jan Kühr
|
| 700 |
1 |
|
|a Kühr, Jan
|4 aut
|9 1170712
|
| 773 |
0 |
|
|t Mathematica Slovaca
|g Roč. 56, č. 1 (2006), s. 47-52
|
| 958 |
|
|
|a OND
|
| 958 |
|
|
|a EUIPO
|
| 958 |
|
|
|a article16
|
| 999 |
|
|
|c 2030621
|d 2032551
|